| 000 | 00787nam a2200265Ia 4500 | ||
|---|---|---|---|
| 005 | 20260302115554.0 | ||
| 008 | 008 260114s9999 xx 000 0 eng d | ||
| 020 | _a9781408175422 | ||
| 037 | _aTextbook | ||
| 040 | _aCRL | ||
| 040 | _beng | ||
| 040 | _cCRL | ||
| 041 | _2eng | ||
| 041 | _aeng | ||
| 084 | _qCRL | ||
| 100 |
_aJohn Bull _91122026 |
||
| 245 | 0 | _aBritish Theatre Companies: 1965-1979 CAST, The People Show, Portable Theatre, Pip Simmons Theatre Group, Welfare State International, 7:84 Theatre Companies | |
| 260 | _bBloomsbury | ||
| 260 | _bMethuen Drama | ||
| 260 | _c2016 | ||
| 650 | _aLiterary Studies | ||
| 856 | _uhttps://doi.org/10.5040/9781408175422?locatt=label:secondary_bloomsburyCollections | ||
| 942 | _cEBOOK | ||
| 999 |
_c1686692 _d1686692 |
||